Portugalia puhuvat valtiot - Statistics

Yleistilastot
  • Tätä visaa on pelattu 1 288 kertaa
  • Keskiarvotulos 5 / 9
Vastaustilastot
Maanosa Valtio % Oikein
Eurooppa Portugali
99%
Etelä-Amerikka Brasilia
97%
Afrikka Angola
53%
Afrikka Kap Verde
46%
Afrikka Mosambik
42%
Afrikka São Tomé ja Príncipe
42%
Aasia Itä-Timor
40%
Afrikka Guinea-Bissau
37%
Afrikka Päiväntasaajan Guinea
33%
Ehtoja vastaavia visoja ei löytynyt
Tulosjakauma
Jokaisen tuloksen saaneiden osuus
Persentiili vastausten määrän mukaan
Tuloshistoriasi
Et ole pelannut tätä visaa